| 000 | 00757nam a22001817a 4500 | ||
|---|---|---|---|
| 999 |
_c63244 _d63244 |
||
| 003 | Ge_BSU | ||
| 005 | 20250703105215.0 | ||
| 008 | 250703s1971 ge ||||| |||| 00| 0 geo d | ||
| 041 | _ageo | ||
| 080 | _a331(47+57) პ-13 | ||
| 100 |
_aპავლიაშვილი, ვიქტორ. _925606 |
||
| 245 |
_aშრომის ხასიათი კომუნისტურ საზოგადოებაში / _cვიქტორ პავლიაშვილი. |
||
| 264 |
_aთბილისი : _bგანათლება, _c1971. |
||
| 300 |
_a99 გვ. ; _b19 სმ. |
||
| 504 | _aბიბლიოგრ.: გვ. 98-99. | ||
| 653 | _aშრომა სსრ კავშირში. | ||
| 942 |
_2udc _cᲬᲘᲒᲜᲘ |
||